| 000 | 00815nam a2200301Ia 4500 | ||
|---|---|---|---|
| 008 | 171120s9999 xx 000 0 und d | ||
| 020 | _a9712715906 | ||
| 050 | _a320 | ||
| 050 | _bP644 2006 | ||
| 100 | _aPimentel, Benjamin | ||
| 245 | 3 | _aAn underground tale : | |
| 245 | _bthe journey of Edgar Jopson and the first quarter storm generation / | ||
| 245 | _cby Benjamin Pimentel. | ||
| 260 | _aPhilippines : | ||
| 260 | _bAnvil, | ||
| 260 | _c2006 | ||
| 300 | _a238 pages : | ||
| 300 | _billustrations ; | ||
| 300 | _c22cm. | ||
| 500 | _aIncludes glossary. | ||
| 650 | _aJopson, Edgardo Gil Mirasol, -- | ||
| 650 | _aPolitical activists -- | ||
| 650 | _aYouth movement -- | ||
| 650 | _x1948-1982. | ||
| 650 | _xPhilippines -- Biography. | ||
| 650 | _xPhilippines. | ||
| 700 | _aTitle. | ||
| 999 |
_c345351 _d345351 |
||